FOREST research areas and research plots in Peninsular Malaysia

Bibliographic Details
Corporate Author: Institut Penyelidikan Perhutanan Malaysia (FRIM)
Format: Book
Published: Kuala Lumpu : Fprestry Department Peninsular Malaysia , 1975
Series:Research pamphlet ; no. 65
Subjects:

MARC

LEADER 00000cam a2200000 7i4500
001 0000002989
005 20040329.0
090 0 0 |a RP 634.9   |b FOR 1975 
245 0 0 |a FOREST research areas and research plots in Peninsular Malaysia 
260 0 0 |a Kuala Lumpu :   |b Fprestry Department Peninsular Malaysia ,   |c 1975 
300 |a 26 p. :   |b maps ;   |c 30 cm. 
440 0 0 |a Research pamphlet ; no. 65 
650 0 0 |a Forests and forestry 
710 1 1 |a Institut Penyelidikan Perhutanan Malaysia (FRIM) 
998 |a JPSM 
999 |a 0000005269   |b Monograph   |c Open Shelf   |e Default branch 
999 |a 0000005270   |b Monograph   |c Open Shelf   |e Default branch